000 01412cam a22003497a 4500
001 14648581
005 20080311112325.0
008 061128s2007 nyua 001 0 eng
010 _a 2006939285
015 _aGBA696122
_2bnb
016 7 _a013601666
_2Uk
020 _a9780387324753 (pbk.)
020 _a0387324755 (pbk.)
035 _a(OCoLC)ocm76361283
040 _aUKM
_cUKM
_dBAKER
_dYDXCP
_dVPI
_dDLC
042 _alccopycat
050 0 0 _aTJ211
_b.J378 2007
082 0 0 _a629.892
_222
_bJAZ
100 1 _aJazar, Reza N.
_93940
245 1 0 _aTheory of applied robotics :
_bkinematics, dynamics, and control /
_cReza N. Jazar.
260 _aNew York :
_bSpringer,
_c2007.
300 _axxi, 693 p. :
_bill. ;
_c24 cm.
500 _aIncludes index.
650 0 _aRobotics.
_93941
650 0 _aRobotics
_vProblems, exercises, etc.
_93942
856 4 1 _3Table of contents only
_uhttp://www.loc.gov/catdir/toc/fy0711/2006939285.html
856 4 2 _3Publisher description
_uhttp://www.loc.gov/catdir/enhancements/fy0824/2006939285-d.html
942 _2ddc
_cBB
999 _c11352
_d11352